Представление документа в формате MARC21

Поле Инд. ПП Название Значение
Тип записи a
Библиографический уровень m
001 Контрольный номер 9ec8e9b330494cb28370a9a1af055e62
005 Дата корректировки 20260202161932.4
084 a Индекс другой классификации/Индекс ББК 3
091 i Возрастная адресация (DOS) 16+
097 b Оператор Чирова
245 10 a Заглавие Сабрина
n Номер части/ раздела 01
260 c Дата издания 2026
900 a Имя макрообъекта E0041D100131E09E
901 t Тип документа s